000 00499nam a2200181Ia 4500
005 20250326124014.0
008 250326s9999 xx 000 0 und d
037 _aTextbook
040 _aFMSL
_beng
_cFMSL
041 _aeng
_2eng
084 _aX L1
_qFMSL
100 _aBaldwin R E
_9317987
245 0 _aNontariff distortions of international trade
_cBaldwin R E
260 _aLondon
_bLondon, George Allen
_c1971
300 _a210p
942 _cTB
_hX L1
999 _c1271862
_d1271862